000 00509nam a2200157Ia 4500
008 231217s9999 xx 000 0 und d
041 _aEnglish
082 _a621.381 ASW;1 `R'
100 _aAswathanarayana Rao, T. Ramachandra, R.
245 2 _aA text book of basic electronics (1/11 sem B E course, as per the latest syllabus, VTU)
250 _a1st ed.
260 _c2002
_bSri Ranga
300 _a317
650 _abasic,electronics,(1/11,semester,B,E,course,,as,per,syllabus,,VTU)
942 _cAA
999 _c168920
_d168920